
Library Catalogue

| 000 -LEADER | |
|---|---|
| fixed length control field | 02049nam a2200229Ia 4500 |
| 003 - CONTROL NUMBER IDENTIFIER | |
| control field | OSt |
| 005 - DATE AND TIME OF LATEST TRANSACTION | |
| control field | 20210802120930.0 |
| 008 - FIXED-LENGTH DATA ELEMENTS--GENERAL INFORMATION | |
| fixed length control field | 160316s2004 xxu||||| |||| 00| 0 eng d |
| 020 ## - INTERNATIONAL STANDARD BOOK NUMBER | |
| International Standard Book Number | 9780821358009 |
| 020 ## - INTERNATIONAL STANDARD BOOK NUMBER | |
| International Standard Book Number | 0821358006 |
| 040 ## - CATALOGING SOURCE | |
| Transcribing agency | nls |
| 082 ## - DEWEY DECIMAL CLASSIFICATION NUMBER | |
| Classification number | 338.900000 |
| Item number | BOU |
| 100 ## - MAIN ENTRY--PERSONAL NAME | |
| Personal name | Bourguignon Francois |
| 245 ## - TITLE STATEMENT | |
| Title | Annual World Bank Conference on Development Economics 2004: Accelerating Development |
| 260 ## - PUBLICATION, DISTRIBUTION, ETC. | |
| Place of publication, distribution, etc. | Washington D C |
| Name of publisher, distributor, etc. | The World Bank |
| Date of publication, distribution, etc. | 2004 |
| 300 ## - PHYSICAL DESCRIPTION | |
| Extent | 381p |
| Dimensions | v |
| 365 ## - TRADE PRICE | |
| Price amount | Rs.1,014 |
| 505 ## - FORMATTED CONTENTS NOTE | |
| Formatted contents note | Contents: <br/>Introduction / François Bourguignon and Boris Pleskovic --<br/>Opening address / S.M. Krishna --<br/>Building human capital for economic development / Azim Hasham Premji --<br/>Opportunities for India in a changing world / Nicholas Stern --<br/>Infrastructure development in India : emerging challenges / Rakesh Mohan –<br/>Fostering Entrepreneurship, Innovation, and Growth;<br/>Entrepreneurship, innovation, and growth / T.N. Srinivasan --<br/>Towards a microeconomics of growth / Robin Burgess and Anthony J. Venables ; Comments / Gur Ofer, Sidney Winter –<br/>Challenges of Development in Lagging Regions;<br/>World poverty : causes and pathways / Partha Dasgupta --<br/>Development strategy : transition and challenges of development in lagging regions / Justin Yifu Lin and Mingxing Liu ; Comments / Govinda Rao, Karen R. Polenske –<br/>Participation, Inclusion, and Results;<br/>Community-based development in the context of within-group heterogeneity / Jean-Philippe Platteau --<br/>Inclusiveness, accountability, and effectiveness of development assistance in sub-Saharan Africa / Benno J. Ndulu ; Comments / Rohini Nayyar, Vijayendra Rao. <br/>Scaling up and Evaluation <br/>Using randomized experiments and structural models for scaling up : evidence from the PROGESA evaluation / Orazio P. Attanasio, Costas Meghir, and Miguel Székely --<br/>Scaling up and evaluation / Esther Duflo ; <br/>Comments / <br/>François Bourguignon, <br/>T. Paul Schultz.<br/> |
| 650 ## - SUBJECT ADDED ENTRY--TOPICAL TERM | |
| Topical term or geographic name entry element | 1. Economics - Development |
| 700 ## - ADDED ENTRY--PERSONAL NAME | |
| Personal name | Pleskovic Boris |
| -- | |
| 942 ## - ADDED ENTRY ELEMENTS (KOHA) | |
| Source of classification or shelving scheme | Dewey Decimal Classification |
| Koha item type | BOOKs |
| Withdrawn status | Lost status | Damaged status | Not for loan | Home library | Current library | Shelving location | Date acquired | Cost, normal purchase price | Total Checkouts | Full call number | Barcode | Date last seen | Price effective from | Koha item type |
|---|---|---|---|---|---|---|---|---|---|---|---|---|---|---|
| NLS | NLS | NAB Compactor | 30/05/2017 | 1014.00 | 338.9 BOU | 20152 | 30/05/2017 | 30/05/2017 | BOOKs |